000 00452nam a2200181Ia 4500
001 4877
005 20260306145827.0
008 260306t1999||||xx |||||||||||||| ||spa||
041 _aESP
082 _a330.985
_bW35
100 _aWebb, Richard
_eAUT
245 0 _aUna economía muy peruana:
_bensayos sobre economía y sociedad
260 _c1999
300 _a301 páginas :
_c20 cm.
650 _aGEN
654 _aCAN
942 _cLIB
_dJUS
_fJUS
_2ddc
_n
999 _c4877
_d4877